00435 a2200157 4500245003700000020001700037250001200054700002400066650001500090005001700105260002700122084002300149300006600172500002400238999001500262 aStress response syndromeshprint a0876688113 : a2nd ed. aHorowitz, Mardi Jon aliterature20191017172236.0 anjubJ. Aronsoncc1986 aRC552.P67 H67 1986 axviii, 358 p. : ill. b 24 cm.cxviii, 358 p. : ill. ; 24 cm. aMardi Jon Horowitz. c8625d8625